Inter Squad 2024-2025 - Statistics

General Stats
  • This quiz has been taken 563 times
    297 since last reset
  • The average score is 23 of 28
Answer Stats
# Position Nation Player % Correct
1 GK Switzerland Yann Sommer
100%
10 FW Argentina Lautaro Martínez
99%
9 FW France Marcus Thuram
99%
2 MF Netherlands Denzel Dumfries
96%
13 GK Spain Josep Martínez
96%
95 DF Italy Alessandro Bastoni
94%
20 MF Turkey Hakan Çalhanoğlu
93%
23 MF Italy Nicolò Barella
93%
8 FW Austria Marko Arnautović
92%
99 FW Iran Mehdi Taremi
92%
- Coach Italy Simone Inzaghi
91%
6 DF Netherlands Stefan de Vrij
91%
7 MF Poland Piotr Zieliński
90%
15 DF Italy Francesco Acerbi
88%
32 DF Italy Federico Dimarco
87%
22 MF Armenia Henrikh Mkhitaryan
84%
28 DF France Benjamin Pavard
83%
21 MF Albania Kristjan Asllani
83%
31 DF Germany Yann Bisseck
83%
11 FW Argentina Joaquín Correa
81%
30 MF Brazil Carlos Augusto
78%
16 MF Italy Davide Frattesi
77%
59 MF Poland Nicola Zalewski
77%
36 DF Italy Matteo Darmian
72%
17 MF Canada Tajon Buchanan
69%
97 GK Romania Andrei Radu
62%
12 GK Italy Raffaele Di Gennaro
51%
42 DF Argentina Tomás Palacios
46%
No matching quizzes found
Score Distribution
Percent of People with Each Score
Percentile by Number Answered
Your Score History
You have not taken this quiz since the last reset